Čie sú to vlny román

Bibliographic Details
Main Author: Dykes, Amanda, 1982- (Author)
Other Authors: Bubnášová, Eva, 1985- (Translator)
Format: Book
Language:Slovak
English
PhysicalDescription:383 strán 21 cm
Published: [Jezersko] i527.net 2022
ISBN:9788082490391
Edition:Prvé vydanie
Subjects:

MARC

LEADER 00000cam a2200000 4500
001 vtls012146580
003 SK-MaSNL
005 20260301192020.0
008 220818s2022 xo g 010 f slo
015 |a SNBA2025/04 
020 |a 9788082490391  |q (viazané) 
040 |a SNK  |b slo  |c SNK  |e rda 
041 1 |a slo  |h eng 
044 |a xo  |c SK 
072 7 |a 821.111(73)-3  |x Americká próza  |2 konspekt 
080 |a 821.111(73)-31  |2 2011 
080 |a (0:82-312.5)  |2 2011 
100 1 |a Dykes, Amanda,  |d 1982-  |4 aut  |9 215615 
240 1 0 |a Whose Waves These Are  |l Slovensky 
245 1 0 |a Čie sú to vlny  |b román  |c Amanda Dykesová ; preklad z anglického originálu Whose Waves These Are: Eva Bubnášová 
250 |a Prvé vydanie 
264 1 |a [Jezersko]  |b i527.net  |c 2022 
300 |a 383 strán  |c 21 cm 
336 |a text  |b txt  |2 rdacontent 
337 |a bez média  |b n  |2 rdamedia 
338 |a zväzok  |b nc  |2 rdacarrier 
500 |a Obsahuje profesijné údaje o autorke 
500 |a Miesto vydania podľa NA ISBN 
655 7 |a americké romány  |2 SNKPH  |9 1174 
655 7 |a American novels  |2 SNKPHeng  |9 277755 
655 7 |a ľúbostné romány  |2 SNKPH  |9 70497 
655 7 |a Love novels  |2 SNKPHeng  |9 277756 
700 1 |a Bubnášová, Eva,  |d 1985-  |4 trl  |9 224985 
852 |a Slovenská národná knižnica 
919 |a 978-80-8249-039-1 
954 |a beletria cudzojazyčná (svetová)  |2 lita 
958 |a LX 
958 |a UP 
968 |b ENG 
999 |c 872949  |d 874879 
952 |a SNK  |b SNK  |y PREZ  |7 0  |p 17A1566458  |o snkSC 209866  |i snk2025/5558  |8 0  |0 0  |1 0  |4 0  |d 2025-03-31  |l 0  |r 2025-11-03 00:00:00  |w 2026-02-24 
952 |a SNK  |b SNK  |y VYP  |7 0  |p 17A1566459  |o snkSC 209866 D1  |i snk2025/5559  |8 0  |0 0  |1 0  |4 0  |d 2025-03-31  |l 0  |r 2026-02-24 05:48:39  |w 2026-02-24